000 00752nam a2200253Ia 4500
003 OSt
005 20220927105550.0
006 a|||||r|||| 00| 0
007 ta
008 220926b |||||||| |||| 00| 0 eng d
024 _a177114
037 _cReference Collections
040 _aRTL
_cRTL
_beng
041 _2eng
_aeng
082 _a"V2,31p.N77, L7.101-13/GD"
110 _a"INDIA, RAJYA SABHA"
_9373335
245 0 _aParliamentary debates
_b Official report.
260 _aNew
_bDelhi Rajya Sabha Secretariat India
_c1977
300 _a224p.
_ccm.
490 _v"Vol.101, no. 13"
700 _a"INDIA, RAJYA SABHA"
_9373336
942 _h"V2,31p.N77, L7.101-13/GD"
_cCC
999 _c693134
_d693134